[Event "2015 County Championship Final - U140"]
[Site "Leamington Spa"]
[Date "2015.07.04"]
[Round "1.14"]
[White "Harper, Michael J"]
[Black "Pol, Jerry"]
[Result "1/2-1/2"]
[WhiteElo "122"]
[BlackElo "124"]
[PlyCount "81"]
[EventDate "2015.??.??"]
[WhiteTeam "Nottinghamshire"]
[BlackTeam "Kent"]

1. e4 c5 2. Ne2 d6 3. d4 cxd4 4. Nxd4 Nf6 5. Nc3 g6 6. Be3 Bg7 7. Be2 Nc6 8.
O-O O-O 9. Qd2 Nxd4 10. Bxd4 b6 11. f3 Be6 12. Be3 Kh8 13. Bh6 Ng8 14. Bxg7+
Kxg7 15. Rad1 f6 16. a3 Nh6 17. Nb5 Bg8 18. Nd4 a6 19. c3 Qc7 20. Bd3 e5 21.
Ne2 b5 22. Kh1 Rad8 23. Qe3 Qc5 24. Qxc5 dxc5 25. Bc2 Bc4 26. Rfe1 Rxd1 27.
Bxd1 Rd8 28. Nc1 Nf7 29. b3 Be6 30. Bc2 c4 31. Rd1 Rxd1+ 32. Bxd1 cxb3 33. Nxb3
Bxb3 34. Bxb3 Nd6 35. a4 Kf8 36. Kg1 Ke7 37. Kf2 Nb7 38. axb5 axb5 39. Bd5 Nd8
40. Ke2 Kd6 41. Kd2 1/2-1/2

[Event "2015 County Championship Final - U140"]
[Site "Leamington Spa"]
[Date "2015.07.04"]
[Round "1.15"]
[White "Jones, Michael R"]
[Black "Bonnello, Chris J"]
[Result "1-0"]
[WhiteElo "122"]
[BlackElo "119"]
[PlyCount "77"]
[EventDate "2015.??.??"]
[WhiteTeam "Kent"]
[BlackTeam "Nottinghamshire"]

1. e4 c5 2. Nf3 Nc6 3. Bb5 Nd4 4. Nxd4 cxd4 5. c3 a6 6. Bc4 Qc7 7. Qb3 e6 8.
O-O Bd6 9. h3 b5 10. Bd3 dxc3 11. dxc3 Bb7 12. Na3 Nf6 13. Re1 Bc5 14. Be3 Bxe4
15. Bxc5 Bxd3 16. Bd4 Qc6 17. Qd1 Be4 18. f3 Bd5 19. Nc2 Nh5 20. Nb4 Qb7 21.
Nxd5 Qxd5 22. Re5 Qc6 23. Rxh5 f6 24. Rh4 d5 25. Qe2 Kf7 26. Bf2 e5 27. a4 h6
28. Rb4 Rhb8 29. h4 bxa4 30. Rbxa4 Qb7 31. Rb4 Qc8 32. Rxb8 Qxb8 33. h5 a5 34.
Qc2 Ke6 35. Ra3 Qb5 36. Rb3 Qe8 37. Rb6+ Kf7 38. Qb3 Qd7 39. Rb7 1-0

[Event "2015 County Championship Final - U140"]
[Site "Leamington Spa"]
[Date "2015.07.04"]
[Round "1.16"]
[White "Gibson, Graham J"]
[Black "Clark, Ian J"]
[Result "1/2-1/2"]
[WhiteElo "117"]
[BlackElo "123"]
[PlyCount "61"]
[EventDate "2015.??.??"]
[WhiteTeam "Nottinghamshire"]
[BlackTeam "Kent"]

1. d4 d5 2. Nf3 Nf6 3. Bf4 e6 4. e3 Bd6 5. Bg3 O-O 6. Bd3 b6 7. O-O Bxg3 8.
hxg3 Ba6 9. Bxa6 Nxa6 10. Qe2 Qc8 11. Nbd2 c5 12. c3 cxd4 13. exd4 b5 14. a3
Nc7 15. Ne5 a5 16. f4 Qa6 17. g4 b4 18. Qxa6 Rxa6 19. axb4 axb4 20. Rxa6 Nxa6
21. Ra1 bxc3 22. bxc3 Ra8 23. Kf2 Nc7 24. Rxa8+ Nxa8 25. g5 Ne8 26. c4 dxc4 27.
Ndxc4 Nac7 28. Ke2 Nd5 29. g3 f6 30. gxf6 gxf6 31. Nf3 1/2-1/2

[Event "2015 County Championship Final - U120"]
[Site "Leamington Spa"]
[Date "2015.07.04"]
[Round "1.1"]
[White "Watson, Mikey"]
[Black "Kearns, Roger DJ"]
[Result "1-0"]
[WhiteElo "127"]
[BlackElo "114"]
[PlyCount "43"]
[EventDate "2015.??.??"]
[WhiteTeam "Kent"]
[BlackTeam "Hertfordshire"]

1. e4 c5 2. Nf3 Nc6 3. d4 cxd4 4. Nxd4 g6 5. c4 Bg7 6. Nxc6 bxc6 7. Nc3 d6 8.
Be2 Qc7 9. O-O Nf6 10. Be3 O-O 11. h3 Bb7 12. f4 e5 13. f5 Nd7 14. Qd2 Rfe8 15.
Rad1 gxf5 16. Rxf5 Re6 17. Rdf1 Nf8 18. Bg4 Ng6 19. Rxf7 Qxf7 20. Rxf7 Kxf7 21.
Bxe6+ Kxe6 22. g4 1-0

[Event "2015 County Championship Final - U120"]
[Site "Leamington Spa"]
[Date "2015.07.04"]
[Round "1.2"]
[White "Pearson, Richard"]
[Black "Jefferies, Tyrone J"]
[Result "1-0"]
[WhiteElo "127"]
[BlackElo "116"]
[PlyCount "91"]
[EventDate "2015.??.??"]
[WhiteTeam "Hertfordshire"]
[BlackTeam "Kent"]

1. e4 d6 2. d4 Nf6 3. Nc3 g6 4. Nf3 Bg7 5. Be3 O-O 6. Qd2 Re8 7. h3 Nbd7 8.
O-O-O a6 9. e5 b5 10. exf6 Nxf6 11. Bd3 Bb7 12. Bh6 b4 13. Ne2 c5 14. Bxg7 Kxg7
15. dxc5 dxc5 16. Bc4 Qc7 17. Qe3 e6 18. Ng3 Bd5 19. Bxd5 exd5 20. Qg5 Re6 21.
h4 a5 22. h5 Rh8 23. hxg6 fxg6 24. Nh5+ Nxh5 25. Rxh5 h6 26. Qxd5 Qf4+ 27. Kb1
Rhe8 28. Rhh1 Qf8 29. Qd2 g5 30. Rhe1 Rxe1 31. Rxe1 Rxe1+ 32. Qxe1 a4 33. b3
axb3 34. axb3 Kh7 35. Qe3 Kh8 36. Ne5 Kg7 37. Nd7 Qd8 38. Nxc5 Qd1+ 39. Kb2 Qg1
40. g3 Qh2 41. Nd3 Qg2 42. Nxb4 Kg6 43. Nd3 h5 44. Qe6+ Kg7 45. Qf5 Kh6 46. Ne5
1-0

[Event "2015 County Championship Final - U120"]
[Site "Leamington Spa"]
[Date "2015.07.04"]
[Round "1.3"]
[White "Bond, Stephen"]
[Black "Peate, John A"]
[Result "1-0"]
[WhiteElo "117"]
[BlackElo "120"]
[PlyCount "109"]
[EventDate "2015.??.??"]
[WhiteTeam "Kent"]
[BlackTeam "Hertfordshire"]

1. e4 c5 2. Bc4 e6 3. Nc3 Nc6 4. Nf3 d6 5. O-O Nf6 6. d3 Be7 7. Bg5 a6 8. a4
O-O 9. Re1 Nd7 10. Bxe7 Qxe7 11. d4 cxd4 12. Nxd4 Nde5 13. Ba2 Rd8 14. f4 Nxd4
15. Qxd4 Nc6 16. Qf2 Qf6 17. Rad1 Nb4 18. Bb3 d5 19. exd5 exd5 20. Bxd5 Bf5 21.
Ne4 Bxe4 22. Bxe4 Rxd1 23. Rxd1 Qxb2 24. Qb6 g6 25. Qxb7 Re8 26. Bd5 Rf8 27.
Bb3 Qc3 28. Qf3 Qc5+ 29. Qf2 Qf5 30. g3 Rc8 31. Rd2 a5 32. Qe2 Qc5+ 33. Kf1 Qc6
34. Qg2 Qa6+ 35. Ke1 Re8+ 36. Kd1 Qf6 37. Re2 Qa1+ 38. Kd2 Rd8+ 39. Ke3 Qd4+
40. Kf3 Qc3+ 41. Re3 Qc6+ 42. Re4 Re8 43. Qe2 Kg7 44. Qc4 Qxe4+ 45. Qxe4 Rxe4
46. Kxe4 f5+ 47. Ke5 Kf8 48. Ke6 Nc6 49. Kd6 Nd4 50. Kc5 Nf3 51. h4 Ke7 52. Kb6
h6 53. Kxa5 Nd4 54. Kb6 Kd7 55. a5 1-0

[Event "2015 County Championship Final - U120"]
[Site "Leamington Spa"]
[Date "2015.07.04"]
[Round "1.4"]
[White "Bailey, Russell"]
[Black "Belka, Peter"]
[Result "1-0"]
[WhiteElo "114"]
[BlackElo "115"]
[PlyCount "81"]
[EventDate "2015.??.??"]
[WhiteTeam "Hertfordshire"]
[BlackTeam "Kent"]

1. e4 e5 2. Nf3 Nc6 3. Bc4 Bc5 4. Nc3 d6 5. h3 Nd4 6. d3 h6 7. Be3 Ne6 8. Bxe6
Bxe6 9. Bxc5 dxc5 10. Nxe5 Qd6 11. Nf3 O-O-O 12. Qd2 a6 13. O-O-O b5 14. b3 Ne7
15. Qe3 Kb7 16. g4 f6 17. e5 Qc6 18. exf6 gxf6 19. Rhe1 Rhe8 20. Nd2 Ng8 21.
Nde4 Kb6 22. b4 Bf7 23. Qxc5+ Qxc5 24. Nxc5 a5 25. a3 Rd4 26. Rxe8 Bxe8 27. Re1
Bf7 28. Re4 Rxe4 29. N3xe4 h5 30. Nd7+ Ka6 31. Ndxf6 Nxf6 32. Nxf6 hxg4 33.
hxg4 axb4 34. axb4 Kb6 35. f4 Kc6 36. Kd2 Kd6 37. Ke3 Ke6 38. Ne4 c6 39. Ng5+
Kf6 40. Nxf7 Kxf7 41. Kd4 1-0

[Event "2015 County Championship Final - U120"]
[Site "Leamington Spa"]
[Date "2015.07.04"]
[Round "1.5"]
[White "Gillard, Andrew L"]
[Black "Devan, Matthew"]
[Result "0-1"]
[WhiteElo "110"]
[BlackElo "116"]
[PlyCount "100"]
[EventDate "2015.??.??"]
[WhiteTeam "Kent"]
[BlackTeam "Hertfordshire"]

1. e4 e5 2. Nf3 Nc6 3. Bb5 a6 4. Ba4 Nf6 5. O-O Nxe4 6. d4 Be7 7. Re1 d5 8.
dxe5 Nc5 9. c3 Nxa4 10. Qxa4 O-O 11. Be3 f6 12. exf6 Bxf6 13. Nbd2 Bf5 14. Nf1
Ne5 15. Nxe5 Bxe5 16. Rad1 c6 17. Nd2 b5 18. Qb3 Qd6 19. Nf3 Bg4 20. Bd4 Bxf3
21. Bxe5 Qg6 22. Bg3 Bxd1 23. Qxd1 Rae8 24. Rf1 Qe4 25. Qb3 Qa4 26. h3 Qxb3 27.
axb3 Re2 28. Ra1 Rxb2 29. Rxa6 Rxb3 30. Rxc6 Rd8 31. Rc7 Rb1+ 32. Kh2 g5 33.
Be5 h6 34. Bd4 b4 35. cxb4 Kf8 36. Rh7 Ke8 37. Bc5 Rd7 38. Rxh6 d4 39. Rf6 Rd5
40. Bxd4 Rxd4 41. Rf5 g4 42. hxg4 Rxg4 43. b5 Rgb4 44. b6 Rxb6 45. Re5+ Kf7 46.
Re2 R1b2 47. Rxb2 Rxb2 48. Kg3 Kg6 49. f4 Kf5 50. Kh4 Rxg2 0-1

[Event "2015 County Championship Final - U120"]
[Site "Leamington Spa"]
[Date "2015.07.04"]
[Round "1.6"]
[White "Swiegers, Francois"]
[Black "Fowers, John E"]
[Result "1-0"]
[WhiteElo "117"]
[BlackElo "118"]
[PlyCount "96"]
[EventDate "2015.??.??"]
[WhiteTeam "Hertfordshire"]
[BlackTeam "Kent"]

1. d4 Nf6 2. c4 d6 3. Nc3 g6 4. e4 Bg7 5. h3 O-O 6. Bg5 Nbd7 7. Qd2 c5 8. d5 a6
9. Bh6 Qc7 10. Nf3 Re8 11. Bxg7 Kxg7 12. Bd3 Ne5 13. Nxe5 dxe5 14. O-O-O Bd7
15. g4 e6 16. g5 Nh5 17. Bc2 b5 18. Bb3 Nf4 19. Ne2 exd5 20. Nxf4 exf4 21. exd5
Qe5 22. h4 bxc4 23. Bxc4 Bf5 24. Rhe1 Qd6 25. Rxe8 Rxe8 26. Re1 Rxe1+ 27. Qxe1
h5 28. gxh6+ Kxh6 29. Qc3 f6 30. Qe1 Kg7 31. Qe8 Qe5 32. Qxe5 fxe5 33. f3 Kf6
34. Bxa6 Ke7 35. Kd2 Kd6 36. Bb7 e4 37. fxe4 Bxe4 38. a4 Bxd5 39. Bxd5 Kxd5 40.
b3 Kc6 41. Kd3 Kd5 42. Ke2 Kd4 43. Kf3 c4 44. bxc4 Kxc4 45. Kxf4 Kb4 46. Kg5
Kxa4 47. Kxg6 Kb5 48. Kg7 Kc6 1-0

[Event "2015 County Championship Final - U120"]
[Site "Leamington Spa"]
[Date "2015.07.04"]
[Round "1.7"]
[White "Wheeler, Philip"]
[Black "Whitworth, Michael H"]
[Result "0-1"]
[WhiteElo "125"]
[BlackElo "115"]
[PlyCount "100"]
[EventDate "2015.??.??"]
[WhiteTeam "Kent"]
[BlackTeam "Hertfordshire"]

1. d4 d5 2. Bf4 Nf6 3. h3 e6 4. c4 Be7 5. e3 O-O 6. c5 b6 7. b4 a5 8. b5 bxc5
9. dxc5 Bxc5 10. Bd3 Bb4+ 11. Nd2 Nbd7 12. a3 Be7 13. Ngf3 Bb7 14. O-O c5 15.
a4 c4 16. Bb1 Nc5 17. Qc2 Nd3 18. Bh2 Nb4 19. Qc3 Nd7 20. e4 dxe4 21. Nxe4 Bxe4
22. Bxe4 Bf6 23. Nd4 Nc5 24. Bxa8 Bxd4 25. Qxc4 Bxa1 26. Rxa1 Qf6 27. Rf1 Nxa4
28. Bd6 Rxa8 29. Bxb4 axb4 30. Qxb4 Nb6 31. Qd6 Nd5 32. Qc6 Rb8 33. Rc1 g6 34.
Rb1 Qd8 35. Qc4 Qd7 36. h4 Rb6 37. h5 Nc7 38. h6 Rxb5 39. Rc1 Ne8 40. Ra1 Qb7
41. Ra4 Rb1+ 42. Kh2 Qb8+ 43. Kh3 Rh1+ 44. Kg4 Qd8 45. g3 Rxh6 46. f4 Nf6+ 47.
Kf3 Qd1+ 48. Ke3 Nd5+ 49. Ke4 Nb6 50. Qd4 Qxa4 0-1

[Event "2015 County Championship Final - U120"]
[Site "Leamington Spa"]
[Date "2015.07.04"]
[Round "1.8"]
[White "Claret, Ray R"]
[Black "Hazell, Eric M"]
[Result "1/2-1/2"]
[WhiteElo "110"]
[BlackElo "115"]
[PlyCount "74"]
[EventDate "2015.??.??"]
[WhiteTeam "Hertfordshire"]
[BlackTeam "Kent"]

1. Nf3 Nf6 2. d4 d5 3. Bf4 Nc6 4. e3 Bg4 5. Be2 e6 6. a3 Bxf3 7. Bxf3 Bd6 8.
Bxd6 cxd6 9. Nc3 O-O 10. O-O Rc8 11. Re1 Qb6 12. Rb1 a6 13. Na4 Qc7 14. Nc3 Ne7
15. Rc1 Ng6 16. e4 dxe4 17. Nxe4 Nxe4 18. Bxe4 d5 19. Bf3 Qf4 20. g3 Qf5 21.
Bg2 Qf6 22. c3 Ne7 23. Re3 g6 24. Bf1 h5 25. Rf3 Qg5 26. h4 Qh6 27. Rc2 Nf5 28.
Bd3 Ng7 29. Qe2 f5 30. Qe5 Rc6 31. Qf4 Qxf4 32. Rxf4 Re8 33. Re2 Kh7 34. Rf3
Kh6 35. Rfe3 g5 36. hxg5+ Kxg5 37. f4+ Kf6 1/2-1/2

[Event "2015 County Championship Final - U120"]
[Site "Leamington Spa"]
[Date "2015.07.04"]
[Round "1.9"]
[White "Robertson, James C"]
[Black "Sampson, Tim"]
[Result "0-1"]
[WhiteElo "112"]
[BlackElo "114"]
[PlyCount "76"]
[EventDate "2015.??.??"]
[WhiteTeam "Kent"]
[BlackTeam "Hertfordshire"]

1. c4 c5 2. Nc3 Nc6 3. Nf3 e5 4. e3 g6 5. g3 Bg7 6. Bg2 Nge7 7. O-O O-O 8. d3
d6 9. Re1 Rb8 10. Nd2 Be6 11. Nd5 Qd7 12. Nb3 Bh3 13. Nxe7+ Nxe7 14. Qf3 Bxg2
15. Qxg2 Nc6 16. a3 a5 17. Bd2 Ra8 18. Bc3 a4 19. Nd2 Rfb8 20. Qd5 Ne7 21. Qg2
b5 22. Nf3 b4 23. Bd2 e4 24. dxe4 Bxb2 25. Ra2 Bg7 26. axb4 cxb4 27. Nd4 b3 28.
Ra3 Nc6 29. Bc3 Ne5 30. Raa1 Nxc4 31. Ne2 b2 32. Rab1 a3 33. Bxg7 Kxg7 34. Nc3
a2 35. Nxa2 Rxa2 36. Re2 Ra1 37. Qf1 Rxb1 38. Qxb1 Qb5 0-1

[Event "2015 County Championship Final - U120"]
[Site "Leamington Spa"]
[Date "2015.07.04"]
[Round "1.10"]
[White "Wright, Jock"]
[Black "Wei, Tom"]
[Result "1-0"]
[WhiteElo "110"]
[BlackElo "108"]
[PlyCount "107"]
[EventDate "2015.??.??"]
[WhiteTeam "Hertfordshire"]
[BlackTeam "Kent"]

1. e4 g6 2. d4 d6 3. Nf3 Bg4 4. h3 Bxf3 5. Qxf3 e6 6. Nc3 Bg7 7. Be3 Nc6 8.
O-O-O Qf6 9. Qg3 O-O-O 10. Bg5 Bh6 11. f4 Bxg5 12. Qxg5 Qxg5 13. fxg5 Nge7 14.
g4 e5 15. d5 Nd4 16. Nb5 Nxb5 17. Bxb5 a6 18. Bd3 Rhf8 19. Rdf1 Ng8 20. Rf3
Rde8 21. Rhf1 Re7 22. c4 h6 23. gxh6 Nxh6 24. g5 Ng8 25. Rg3 c6 26. h4 cxd5 27.
cxd5 Rc7+ 28. Kd2 Ne7 29. Rgf3 Ng8 30. Be2 Kb8 31. Rb3 Ka7 32. Bg4 f5 33. exf5
Rc4 34. Be2 Rd4+ 35. Rd3 Rxh4 36. f6 Rh2 37. Rg3 e4 38. Rf4 e3+ 39. Rxe3 Rg2
40. Rg4 Rxg4 41. Bxg4 Nxf6 42. gxf6 Rxf6 43. Rf3 Rxf3 44. Bxf3 Kb6 45. Ke3 g5
46. Ke4 Kc5 47. Kf5 Kd4 48. Kxg5 Ke5 49. Kg6 Kd4 50. Kf6 b6 51. Ke6 Kc5 52. a3
a5 53. b4+ axb4 54. axb4+ 1-0

[Event "2015 County Championship Final - U120"]
[Site "Leamington Spa"]
[Date "2015.07.04"]
[Round "1.11"]
[White "Lang, Neil"]
[Black "Jardine, Kenneth"]
[Result "1/2-1/2"]
[WhiteElo "111"]
[BlackElo "110"]
[PlyCount "79"]
[EventDate "2015.??.??"]
[WhiteTeam "Kent"]
[BlackTeam "Hertfordshire"]

1. d4 e6 2. c4 d5 3. Nc3 Nf6 4. Bg5 Be7 5. e3 h6 6. Bh4 Nbd7 7. Bd3 b6 8. Nf3
Bb7 9. cxd5 Nxd5 10. Bxe7 Qxe7 11. Nxd5 Bxd5 12. O-O O-O 13. e4 Bb7 14. Rc1 c5
15. Re1 cxd4 16. Nxd4 Qb4 17. Nb3 Ne5 18. a3 Qa4 19. Bc2 Rfd8 20. Qh5 Nd3 21.
Nc5 Qa5 22. b4 Qxa3 23. Nxd3 Rxd3 24. Bxd3 Qxd3 25. Rc7 g6 26. Qe5 Qd2 27. Rec1
Rd8 28. h3 a5 29. Qf6 Rf8 30. bxa5 bxa5 31. Qe7 a4 32. Qa3 Bxe4 33. Rc8 Rd8 34.
Rxd8+ Qxd8 35. Qxa4 Bd5 36. Qa6 Kg7 37. Qa1+ Qf6 38. Qa3 Qg5 39. Qc3+ e5 40. g3
1/2-1/2

[Event "2015 County Championship Final - U100"]
[Site "Leamington Spa"]
[Date "2015.07.04"]
[Round "1.1"]
[White "Abrahart, R (Bob)"]
[Black "Watson, Jacob"]
[Result "1-0"]
[WhiteElo "123"]
[BlackElo "103"]
[PlyCount "66"]
[EventDate "2015.??.??"]
[WhiteTeam "Kent"]
[BlackTeam "Nottinghamshire"]

1. e4 e6 2. d4 d5 3. exd5 exd5 4. Nf3 Bg4 5. Be2 Be7 6. O-O Nf6 7. h3 Bh5 8.
Bf4 Nc6 9. c3 Bxf3 10. Bxf3 Ne4 11. Bxe4 dxe4 12. Qe2 f5 13. Qb5 O-O 14. Qxb7
Bd6 15. Qb3+ Rf7 16. Bxd6 Qxd6 17. Na3 f4 18. Nc4 Qd5 19. Nd2 Qf5 20. Qb7 Qg6
21. Qxa8+ Rf8 22. Qb7 f3 23. Qb3+ Kh8 24. g3 e3 25. Nc4 exf2+ 26. Kxf2 Qe6 27.
Ne3 Qxh3 28. Rh1 Qd7 29. Qc2 g6 30. Qxg6 Ne5 31. Qxh7+ Qxh7 32. Rxh7+ Kxh7 33.
dxe5 Kg6 1-0